| 000 | 01658ngm a2200373 a 4500 | ||
|---|---|---|---|
| 005 | 20220317001436.0 | ||
| 008 | 161108s2009 ck g 000 0 s | ||
| 082 | 0 | 4 |
_a551.41 _bD37p |
| 110 | 2 |
_aDiscovery Channel _973140 |
|
| 245 | 1 | 4 |
_aLos peligros del planeta tierra _cDiscovery _hvideodisco digital |
| 250 | _a1a. edición | ||
| 300 |
_a1 DVD (60 minutos) _bsonido, color |
||
| 490 | _aDiscovery en la escuela | ||
| 500 | _aMultizona | ||
| 500 | _aDolby Digital | ||
| 500 | _aGrados 5-12 | ||
| 520 | _aExploramos las teorías sobre la extinción de los dinosaurios y la historia de la muy variada topografía del planeta. En Kobe, Japón, la deficiente planeación estructural contribuyó a la terrible destrucción causada por un terremoto. Descubrimos cómo se forman los tsunamis | ||
| 534 | _bDangerous earth | ||
| 650 | 1 | 4 |
_2LEMB _aGeografía _vDocumentales _vVideodiscos digitales |
| 650 | 1 | 4 |
_2LEMB _aTierra (Planeta) _vDocumentales _vVideodiscos digitales _xHistoria |
| 650 | 1 | 4 |
_2LEMB _aEvolución de la tierra _vDocumentales _vVideodiscos digitales |
| 650 | 1 | 4 |
_2LEMB _aEcología _vDocumentales _vVideodiscos digitales |
| 650 | 1 | 4 |
_2LEMB _aGeología _vDocumentales _vVideodiscos digitales |
| 650 | 1 | 4 |
_2LEMB _aCambios climáticos _vDocumentales _vVideodiscos digitales |
| 700 | 1 |
_aKikot, Thom _enarrador _973147 |
|
| 700 | 1 |
_aWeber, Leyna Juliet _enarrador _973148 |
|
| 700 | 1 |
_aNoble, Margaret _eeditor _973149 |
|
| 942 |
_2ddc _cDVD |
||
| 264 |
_aBogotá _bMS Tv & Videos _c2009 |
||
| 336 |
_atexto _btxt _2rdacontent |
||
| 337 |
_asin mediación _bn _2rdamedia |
||
| 338 |
_avolumen _bnc _2rdacarrier |
||
| 040 |
_aCO-BoRNBP _bspa _erda _cCO-BoRNBP |
||
| 999 |
_c6999 _d6999 |
||